| 000 | 02126nam a2200325 a 4500 | ||
|---|---|---|---|
| 003 | BD-RjUL | ||
| 005 | 20211228123132.0 | ||
| 008 | 211230s1955 ua b 001 0 ara d | ||
| 035 | _a(BD-RjUL) | ||
| 040 |
_aUkOxU _cUkOxU _beng |
||
| 041 | _aara | ||
| 066 | _c(3 | ||
| 082 |
_223 _a297 _bSHT 1955 |
||
| 100 | 1 |
_aشوكاني، محمد بن علي. ;; Shawkānī, Muḥammad ibn ʿAlī, _d1759-1839. _9402 |
|
| 245 | 1 | 0 |
_aتحفة الذاكرين بعدة الحصن الحصين من كلام سيد المرسلين ;; Tuḥfat al-dhākirīn bi-ʿUddat al-ḥisn al-ḥaṣīn min kalām Sayyid al-mursalīn / _cأليف محمد بن علي بن محمد الشوكاني اليماني الصنعاني ؛ وبذيول صفحاته تعليقات لمحمد بن محمد زبارة الحسني الصنعاني. .;; taʼlīf Muḥammad ibn ʿAlī ibn Muḥammad al-Shawkānī al-Yamānī al-Ṣanʿānī ;ʻAlī ibn Muḥammad al-Shawkānī al-Yamānī al-Ṣanʻānī |
| 250 | _aal-Ṭabʿah 2. | ||
| 260 |
_aMisr : _bMustafa albani, _c1955 |
||
| 300 |
_a358 p. ; _c25 cm. |
||
| 504 | _aIncludes bibliographical references and indexes. | ||
| 600 | 1 | 0 |
_aIbn al-Jazarī, Muḥammad ibn Muḥammad, _d1350-1429. _tʿUddat al-Ḥiṣn al-ḥaṣīn min kalām Sayyid al-mursalīn. _9403 |
| 600 | 0 | 0 |
_aMuḥammad, _cProphet, _d-632 _xPrayers and devotions. _9404 |
| 650 | 0 |
_aIslam _vPrayers and devotions. _9405 |
|
| 880 | 1 | 0 |
_6245-02/(3/r _aتحفة الذاكرين بعدة الحصن الحصين من كلام سيد المرسلين / _cتأليف محمد بن علي بن محمد الشوكاني اليماني الصنعاني ؛ شرحه وخرج أحاديثه وعمل فهارسه سعيد محمود عقيل. |
| 880 |
_6250-03/(3/r _aالطبعة 1. |
||
| 880 |
_6260-04/(3/r _aبيروت : _bدار الجيل، _c1998. |
||
| 880 | 1 | 4 |
_6600-05/(3/r _aابن الجزري، محمد بن محمد. _tعدة الحصن الحصين من كلام سيد المرسلين. |
| 880 | 0 | 4 |
_6600-06/(3/r _aمحمد، _cالرسول. |
| 880 | 1 |
_6700-07/(3/r _aعقيل، سعيد محمود. |
|
| 942 |
_2ddc _cBK |
||
| 999 |
_c79080 _d79080 |
||